| 000 | 00665nam a2200241Ia 4500 | ||
|---|---|---|---|
| 008 | 160621s9999 xx 000 0 und d | ||
| 020 | _a0-07-145949-9 | ||
| 050 | _aComSc QA 93 | ||
| 050 | _b.G53 2006 | ||
| 100 | _aGibilisco, Stan. | ||
| 245 | _aTechnical math demystified / | ||
| 245 | _cStan Gibilisco. | ||
| 260 | _aNew York : | ||
| 260 | _bMcGraw-Hill, | ||
| 260 | _c2006 | ||
| 300 | _a412 pages : | ||
| 300 | _billustrations ; | ||
| 300 | _c24 cm. | ||
| 440 | _aDemystified sereis | ||
| 500 | _aIncludes bibliographical references and index. | ||
| 650 | _aMathematics -- Popular works. | ||
| 650 | _xMathematics -- Problems, exercises, etc. | ||
| 999 |
_c296107 _d296107 |
||